000 01046cam a22003137a 4500
003 CHAP
005 20220817042423.0
008 971013c19811972 r 00010 d
010 _a44123
011 _a45095
035 _a49234
040 _cCHAP
082 _a332.4
_bR3
100 0 0 _aRamírez Gómez, Ramón.
_994036
245 1 3 _aLa moneda, el crédito y la banca a través de la concepción marxista y de las teorías subjetivas
260 _aMéxico, D. F. :
_bUNAM. Instituto de Investigaciones Económicas,
_c1981 (c.1972)
300 _a410 p.
590 _aBATCH-UPD
_b10
_c20130110
_lUCH01
_h1458
590 _aBATCH-UPD
_b10
_c20130410
_lUCH01
_h0922
590 _aBATCH-UPD
_b10
_c20130914
_lUCH01
_h0533
590 _aCONVERSION
_b10
_c20130109
_lUCH01
_h1324
650 1 4 _aBancos y operaciones bancarias.
_99913
650 1 4 _aCrédito.
650 1 4 _aCuestión monetaria.
_930120
650 1 4 _aMarxismo.
_972728
901 _aBK
942 _cLIBRO
949 _a332.4 R3
_bBC
_cLIBRO
_d33724000667325
_eLIBRO
_h54441
_i49234
_si
_t130.00
999 _c44123
_d44123